000 01188nam a2200289 i 4500
003 DO-SdBNP
005 20230927105611.0
007 ta
008 201125b dr ad|||r|||| 00| 0 spa d
040 _aDO-SdBNP
_bspa
_cBNPHU
_erda
041 _hspa
082 4 _a304.6097293
_bP969p
_222
245 0 4 _aLas proyecciones de población en la República Dominicana, 1990-2025 /
_cfoto Vianco Martínez
264 _aSanto Domingo :
_bONAPLAN, CESDEM,
_cs.f.
300 _a8 páginas :
_bilustraciones y gráficos ;
_c21 cm.
336 _2rdacontent
_atexto
_btxt
337 _2rdamedia
_asin mediación
_bn
338 _2rdacarrier
_avolumen
_bnc
490 0 _aProyecto de Planificación Familiar y Salud .
_aOficina Nacional de Planificación
500 _aEste documento se basa en el informe preliminar de las "Proyecciones de población total en la República Dominicana, por sexo y grupo de edad, 1990-2025.
590 _aInventariado, 2023/BT
650 4 _aPredicciones demográficas
_y1990-2025
_977420
651 4 _aRepública Dominicana
_xPoblación
_y1990-2025
_977421
700 1 _aMartínez, Vianco,
_efoto
_911014
910 _aValidado. Control de calidad MFF
942 _2ddc
_cLF2
999 _c49206
_d49206